00553nam a22001695i 450000100060000000300090000600500170001500700030003200800410003504000200007610000370009624501160013325000130024926000720026230000270033485200220036168624ES-MaACL20250805064134.0t|960812s1874 fr ||||1| fre d aCAM bspa cCAM1 aGautier, Théophile,d1811-187210aPortraits contemporains b: littérateurs, peintres, sculpteurs, artistes dramatiques / cThéophile Gautier. a3e éd. aParis : bCharpentier et Cie., c1874 (fimp. Simon Racon et Comp.) a[4], 464 p. ; c18 cm. aES-MaACLjG-14477